000
00298 a2200145 4500
001
168706
020
_a
040
_c
Magnum
100
_a
Torres, Gabriel
240
1
0
_a
Hardware -curso completo
_l
por
245
1
0
_a
Hardware -curso completo
362
0
_a
1899
697
_a
GERAL
942
_c
BK
999
_c
168706
_d
168706